1322 1984 1353 1192 1050 1725 1785 1302 1421 1601 1759 1981 1419 1397 1163 1001 1535 1638 1996 1603 1475 1356 1822 1390 1944 1030 1802 1989 1363 1825 1697 1012 1811 1119 1480 1853 1050 1214 1867 1114 1595 1512 1156 1619 1887 1045 1269 1815 1709 1887 1656 1144 1949 1578 1964 1625 1839 1956 1639 1514 1017 1108 1618 1367 1857 1516 1994 1219 1019 1758 1490 1542 1520 1323 1072 1685 1396 1377 1717 1341 1999 1086 1517 1935 1103 1520 1074 1922 1559 1755 1081 1721 1232 1492 1843 1523 1691 1834 1916 BCNSPRNW ULIB Ver.6.0+V

เปลี่ยนเป็นภาษาไทย

Change to English
 แสดงรายละเอียดบรรณานุกรม
  กลับหน้าหลัก

Brief Record : Get Marc (ISO 2709) : E-mail record : QR code < ปิดหน้าต่าง
LEADER : 00000nam 2200000uu 4500
001    13399128029
003     ULIB
008    220111s2563||||th 000 0 tha d
020    ^a9789740339113 (ล. 1)
050 00 ^aPE1119^bม64E^cL.1
100 0  ^aมาลินี จันทวิมล
245 10 ^aExpanding reading skills LEVEL 1 /^cมาลินี จันทวิมล
260    ^aกรุงเทพฯ :^bสำนักพิมพ์จุฬาลงกรณ์มหาวิทยาลัย,^c2563
300    ^a162 หน้า. :^bภาพประกอบ
650  4 ^aภาษาอังกฤษ^xการศึกษาและการสอน (มัธยมศึกษา)
650  4 ^aภาษาอังกฤษ^xตำราสำหรับชนต่างชาติ
945    ^p260^l0^i29175
999    ^aกัณชพร จุลอักษร
รายการนี้ยังไม่มีแท็ก
คุณยังไม่ได้ล็อกอิน คุณสามารถมีกิจกรรมร่วมกับเว็บไซต์ได้ แต่ต้องล็อกอินก่อน ::
  ล็อกอิน

รายการสื่อสารสนเทศ

ลำดับที่ ประเภท เลขเรียก/บาร์โค้ด สถานที่ สถานะ
1. วิทยาศาสตร์การแพทย์ และสุขภาพ
วิทยาศาสตร์การแพทย์ และสุขภาพ
PE1119 ม64E L.1 ฉ.1 
  Barcode: 29175
ห้องสมุดวิทยาเขตนครสวรรค์
►หนังสือทั่วไป:l:General Books
บนชั้น

รายการใกล้เคียง
    ผู้แต่ง [มาลินี จันทวิมล]

BibComment


ยังไม่เคยถูกคอมเมนท์

คอมเมนท์ทรัพยากรรายการนี้
  คอมเมนท์: Expanding readin..


 Copyright 2026. Bcnsprnw @Library